[Event "IECG C1.2001.0.00345"]
[Site "IECG email"]
[Date "2001.??.??"]
[Round "?"]
[White "De Melo, Jose Claudio"]
[Black "Cuniali, Eugenio"]
[Result "0-1"]
[WhiteElo "1900"]
[BlackElo "1800"]
[PlyCount "22"]
[EventDate "2001.03.15"]
[EventType "tourn (corr)"]
[EventRounds "6"]
[SourceTitle "Corr 2008"]
[Source "ChessBase"]
[SourceDate "2008.06.24"]
[SourceVersion "1"]
[SourceVersionDate "2008.06.24"]
[SourceQuality "1"]

1. d4 Nf6 2. e3 c5 3. Bd3 g6 4. Nf3 Bg7 5. 0-0 Qc7 6. b3 0-0 7. Bb2 cxd4 8. Nxd4 a6 9. Nf3 d5 10. c4 dxc4 11. Bxc4 b5 0-1

[Event "IECG C1.2001.0.00345"]
[Site "IECG email"]
[Date "2001.??.??"]
[Round "?"]
[White "Shanholtzer, David E"]
[Black "De Melo, Jose Claudio"]
[Result "1-0"]
[WhiteElo "1800"]
[BlackElo "1900"]
[PlyCount "27"]
[EventDate "2001.03.15"]
[EventType "tourn (corr)"]
[EventRounds "6"]
[SourceTitle "Corr 2008"]
[Source "ChessBase"]
[SourceDate "2008.06.24"]
[SourceVersion "1"]
[SourceVersionDate "2008.06.24"]
[SourceQuality "1"]

1. c4 e6 2. d4 d5 3. Nf3 f5 4. g3 c6 5. Bg2 Bd6 6. 0-0 Nf6 7. b3 Nbd7 8. Ba3 Bxa3 9. Nxa3 0-0 10. Nc2 Ne4 11. Nce1 Qe7 12. Nd3 Rf6 13. Nfe5 Rh6 14. Nxd7 1-0